000 00717cam a22002293a 4500
001 14472
003 PGUSA
005 20140828083317.0
008 041226s2004||||xxu|||||s|||||000 | eng d
040 _aPGUSA
_beng
042 _adc
050 4 _aDA
100 1 _aShowell, Walter,
_d1835-1901
245 1 0 _aShowell's Dictionary of Birmingham :
_bA History and Guide, Arranged Alphabetically
_h[electronic resource] /
_cWalter Showell
260 _bProject Gutenberg,
_c2004
506 _aPublic domain in the USA.
516 _aElectronic text
653 _aBirmingham (England) -- History -- Dictionaries
830 0 _aProject Gutenberg
_v14472
856 4 0 _uhttp://www.gutenberg.org/ebooks/14472
942 _cEB
999 _c243727
_d243727